التركيبة الأردنية الموحدة : (رقم التسجيلة. 28609)
[ عرض عادي ]
| 000 -LEADER | |
|---|---|
| fixed length control field | 00607nam a22001697a 4500 |
| 005 - DATE AND TIME OF LATEST TRANSACTION | |
| control field | 20251108165451.0 |
| 008 - FIXED-LENGTH DATA ELEMENTS--GENERAL INFORMATION | |
| fixed length control field | 250721s1993 xx 000 0 ara d |
| 082 14 - DEWEY DECIMAL CLASSIFICATION NUMBER | |
| Classification number | م/025.32/تيم |
| 100 1# - MAIN ENTRY--PERSONAL NAME | |
| Personal name | تيم، محمود أحمد |
| 245 10 - TITLE STATEMENT | |
| Title | التركيبة الأردنية الموحدة : |
| Remainder of title | ت أ م : دليل إعداد التسجيلات الببليوغرافية لقواعد المعلومات / |
| 264 1# - PRODUCTION, PUBLICATION, DISTRIBUTION, MANUFACTURE, AND COPYRIGHT NOTICE | |
| Place of production, publication, distribution, manufacture | عمان : |
| Name of producer, publisher, distributor, manufacturer | مركز المعلومات الوطني، |
| Date of production, publication, distribution, manufacture, or copyright notice | 1993. |
| 300 ## - PHYSICAL DESCRIPTION | |
| Extent | 287ص |
| 650 17 - SUBJECT ADDED ENTRY--TOPICAL TERM | |
| Topical term or geographic name as entry element | الفهرسة |
| 650 17 - SUBJECT ADDED ENTRY--TOPICAL TERM | |
| Topical term or geographic name as entry element | الحواسيب |
| 942 ## - ADDED ENTRY ELEMENTS (KOHA) | |
| Source of classification or shelving scheme | Dewey Decimal Classification |
| Koha item type | مراجع |
| حالة السحب | حالة الفقدان | مصدر التصنيف | حالة التلف | غير قابل للإعارة | المكتبة الرئيسية | المكتبة الحالية | موقع الرف | تاريخ التزويد | الرقم المتسلسل | Total Checkouts | رقم الإستدعاء | الباركود | تاريخ آخر ظهور | تاريخ الفاتورة | نوع المادة (كوها) |
|---|---|---|---|---|---|---|---|---|---|---|---|---|---|---|---|
| Dewey Decimal Classification | Not For Loan | المكتبة المركزية | المكتبة المركزية | مراجع | 06/07/2004 | 182901 | م/025.32/تيم | 182901 | 28/07/2025 | 06/07/2004 | مراجع | ||||
| Dewey Decimal Classification | Not For Loan | مكتبة الجويدة | مكتبة الجويدة | مراجع | 06/07/2004 | 3560 | م/025.32/تيم | 3560 | 28/07/2025 | 06/07/2004 | مراجع | ||||
| Dewey Decimal Classification | Unchecked | Not For Loan | مكتبة الجويدة | مكتبة الجويدة | مراجع | 28/07/2025 | 539640 | م/025.32/تيم | 28/07/2025 | 28/07/2025 | مراجع | ||||
| Dewey Decimal Classification | Not For Loan | مكتبة الحسن العامة | مكتبة الحسن العامة | مراجع | 28/07/2025 | 539641 | م/025.32/تيم | 539641 | 28/07/2025 | 28/07/2025 | مراجع | ||||
| Dewey Decimal Classification | Not For Loan | مكتبة النصر العامة | مكتبة النصر العامة | مراجع | 06/07/2004 | 5801 | م/025.32/تيم | DUP-01_5801 | 28/07/2025 | 06/07/2004 | مراجع | ||||
| Dewey Decimal Classification | Not For Loan | مكتبة النصر العامة | مكتبة النصر العامة | مراجع | 28/07/2025 | 539647 | م/025.32/تيم | 539647 | 28/07/2025 | 28/07/2025 | مراجع | ||||
| Dewey Decimal Classification | Not For Loan | مكتبة صويلح العامة | مكتبة صويلح العامة | مراجع | 04/09/2019 | 008038 | م/025.32/تيم | PLD00466151 | 28/07/2025 | 04/09/2019 | مراجع | ||||
| Dewey Decimal Classification | Not For Loan | مكتبة وادي السير العامة | مكتبة وادي السير العامة | مراجع | 06/07/2004 | 4328 | م/025.32/تيم | DUP-01_4328 | 28/07/2025 | 06/07/2004 | مراجع |